[Event "Madrid ch - Previa A 2013"]
[Site "Madrid ESP"]
[Date "2013.02.04"]
[Round "1.24"]
[White "Gonzalez Mateo, Jose Luis"]
[Black "Apaza, Gabriela Erika"]
[Result "1-0"]
[WhiteElo "1819"]
[BlackElo "1196"]
[PlyCount "47"]
[EventDate "2013.02.04"]
[EventType "swiss"]
[EventRounds "9"]
[EventCountry "ESP"]
[Source "lmi"]
[SourceDate "2013.02.04"]

1. d4 Nf6 2. Nf3 e6 3. Bf4 Be7 4. e3 b6 5. Bd3 Bb7 6. Nbd2 c5 7. c3 O-O 8. Ng5
h6 9. Nge4 d6 10. Nxf6+ Bxf6 11. Qg4 Nd7 12. Bxh6 e5 13. Ne4 Re8 14. Nxf6+ Qxf6
15. Bg5 Qe6 16. Bf5 Qd5 17. Bxd7 f6 18. Bxf6 Qf7 19. dxe5 dxe5 20. Bg5 Red8 21.
Be6 Qxe6 22. Qxe6+ Kh8 23. Bxd8 Rxd8 24. Qe7 1-0

[Event "Madrid ch - Previa A 2013"]
[Site "Madrid ESP"]
[Date "2013.02.05"]
[Round "2.1"]
[White "Camarero Izquierdo, Juan Carlos"]
[Black "Lopez Peral, Enrique"]
[Result "1-0"]
[WhiteElo "1922"]
[BlackElo "1833"]
[PlyCount "95"]
[EventDate "2013.02.04"]
[EventType "swiss"]
[EventRounds "9"]
[EventCountry "ESP"]
[Source "lmi"]
[SourceDate "2013.02.04"]

1. d4 d5 2. Nc3 Nf6 3. Bg5 e6 4. e4 dxe4 5. Nxe4 Be7 6. Bxf6 Bxf6 7. Nf3 O-O 8.
Qd3 Nc6 9. O-O-O Nb4 10. Qb3 a5 11. Kb1 b6 12. h4 Be7 13. Nfg5 a4 14. Qf3 Ba6
15. Bxa6 Rxa6 16. a3 Nd5 17. Qd3 b5 18. Nxh7 Nf4 19. Qf3 Kxh7 20. Qxf4 Qd5 21.
Ng5+ Kg8 22. Qg4 b4 23. Qh5 Qf5 24. g4 Qg6 25. Qxg6 fxg6 26. axb4 a3 27. b5 Rb6
28. Rd2 Bxg5 29. hxg5 Rxb5 30. b3 Rxg5 31. Re1 Rxg4 32. Rxe6 g5 33. Ka2 Rgf4
34. Ree2 Rd8 35. Re7 g4 36. Rxc7 Rfxd4 37. Rxd4 Rxd4 38. Rc4 Rd2 39. Rf4 Rxc2+
40. Kxa3 g6 41. b4 g3 42. fxg3 Rc3+ 43. Ka4 Rxg3 44. b5 g5 45. Re4 Rg1 46. b6
Ra1+ 47. Kb5 Kf7 48. b7 1-0

[Event "Madrid ch - Previa A 2013"]
[Site "Madrid ESP"]
[Date "2013.02.05"]
[Round "2.2"]
[White "Osorio Ramos, Francisco"]
[Black "Ruiz Quevedo, Andres"]
[Result "1/2-1/2"]
[WhiteElo "1831"]
[BlackElo "1917"]
[PlyCount "112"]
[EventDate "2013.02.04"]
[EventType "swiss"]
[EventRounds "9"]
[EventCountry "ESP"]
[Source "lmi"]
[SourceDate "2013.02.04"]

1. Nf3 c5 2. c4 Nf6 3. Nc3 e6 4. g3 b6 5. Bg2 Bb7 6. O-O Be7 7. d4 cxd4 8. Qxd4
d6 9. Rd1 a6 10. b3 Nbd7 11. Bb2 O-O 12. Rd2 Qc7 13. Rad1 Rac8 14. Ng5 Bxg2 15.
Kxg2 Qb7+ 16. Kg1 b5 17. Nge4 bxc4 18. Nxd6 Bxd6 19. Qxd6 cxb3 20. axb3 Nc5 21.
Ba3 Qxb3 22. Bxc5 Qxc3 23. Bd4 Qc4 24. Bxf6 gxf6 25. Ra1 Rc6 26. Qa3 Rfc8 27.
Rda2 Qe4 28. Qf3 Qxf3 29. exf3 Rc1+ 30. Kg2 Rxa1 31. Rxa1 Rc6 32. Ra5 f5 33. f4
Kf8 34. f3 Ke7 35. g4 fxg4 36. fxg4 Kd7 37. Kf3 Kc7 38. Ke4 Kb6 39. Ra2 Rc5 40.
Kd4 Rd5+ 41. Ke4 a5 42. f5 Rb5 43. fxe6 Rb4+ 44. Ke5 fxe6 45. h3 Rb3 46. h4 Rb4
47. Rg2 a4 48. Kxe6 Kb5 49. h5 a3 50. g5 Rb2 51. Rg3 Ka4 52. Rxa3+ Kxa3 53. g6
hxg6 54. hxg6 Kb4 55. g7 Rg2 56. Kf7 Rf2+ 1/2-1/2

[Event "Madrid ch - Previa A 2013"]
[Site "Madrid ESP"]
[Date "2013.02.05"]
[Round "2.3"]
[White "Lopez Heras, Arturo"]
[Black "Garcia Gonzalez, Pedro A"]
[Result "1-0"]
[WhiteElo "1917"]
[BlackElo "1830"]
[PlyCount "67"]
[EventDate "2013.02.04"]
[EventType "swiss"]
[EventRounds "9"]
[EventCountry "ESP"]
[Source "lmi"]
[SourceDate "2013.02.04"]

1. e4 e5 2. f4 d5 3. exd5 e4 4. Nc3 Nf6 5. Bb5+ c6 6. dxc6 Nxc6 7. d4 Bb4 8.
Nge2 O-O 9. O-O Qb6 10. Bxc6 bxc6 11. Kh1 Ba6 12. Be3 Rad8 13. a3 Be7 14. Qc1
Bxe2 15. Nxe2 c5 16. c3 Rfe8 17. b4 cxd4 18. Bxd4 Qb7 19. Ng3 Bf8 20. Qd1 e3
21. Qe2 Ne4 22. Nxe4 Qxe4 23. Rad1 Rc8 24. Rd3 a5 25. h3 axb4 26. axb4 Ra8 27.
Rxe3 Qc6 28. Rxe8 Rxe8 29. Qf3 Qc4 30. f5 Bxb4 31. Bxg7 Bd6 32. Bd4 Re2 33.
Qg4+ Kf8 34. Bg7+ 1-0

[Event "Madrid ch - Previa A 2013"]
[Site "Madrid ESP"]
[Date "2013.02.05"]
[Round "2.4"]
[White "Montes De Santiago, Fernando"]
[Black "Rosa Ramirez, Victor D"]
[Result "0-1"]
[WhiteElo "1826"]
[BlackElo "1911"]
[PlyCount "124"]
[EventDate "2013.02.04"]
[EventType "swiss"]
[EventRounds "9"]
[EventCountry "ESP"]
[Source "lmi"]
[SourceDate "2013.02.04"]

1. d4 Nf6 2. Nf3 d5 3. Bf4 e6 4. e3 Be7 5. Nbd2 Nh5 6. Bg3 Nd7 7. Bd3 h6 8. Qe2
Nxg3 9. hxg3 c5 10. c3 Qb6 11. Rb1 f5 12. Bb5 Bf6 13. dxc5 Qxc5 14. Nb3 Qe7 15.
Nfd4 O-O 16. Bxd7 Bxd7 17. Qh5 a5 18. f4 e5 19. Nxf5 Bxf5 20. Qxf5 exf4 21.
Qxd5+ Kh8 22. e4 Rad8 23. Qc4 fxg3 24. Rd1 b5 25. Qe2 Bg5 26. Rxd8 Qxd8 27. Nd4
Rf2 28. Qxb5 Bd2+ 29. Kd1 Be3 30. Qd3 Rd2+ 31. Qxd2 Bxd2 32. Kxd2 Qg5+ 33. Kc2
Qe3 34. e5 Qe4+ 35. Kb3 Qd5+ 36. Ka3 Qxe5 37. Rh3 Qd6+ 38. Ka4 Qd5 39. Rxg3
Qxa2+ 40. Kb5 Qd5+ 41. Ka4 Qc4+ 42. Ka3 Qf1 43. Ka4 Qf2 44. Rf3 Qxg2 45. b3
Qa2+ 46. Kb5 h5 47. c4 Qd2 48. Nc6 Qd7 49. Kb6 h4 50. Nxa5 Qd8+ 51. Kb5 Qd7+
52. Kb6 h3 53. Rf1 Qd4+ 54. Kb5 Qe5+ 55. Kb6 Qd4+ 56. Kb5 h2 57. Rh1 Qg1 58.
Rxh2+ Qxh2 59. c5 Qb8+ 60. Ka6 g5 61. Nc6 Qxb3 62. Na7 Qe6+ 0-1

[Event "Madrid ch - Previa A 2013"]
[Site "Madrid ESP"]
[Date "2013.02.05"]
[Round "2.5"]
[White "Espana Amoros, Carlos"]
[Black "Martinez Rubio, Felipe"]
[Result "1-0"]
[WhiteElo "1903"]
[BlackElo "1826"]
[PlyCount "57"]
[EventDate "2013.02.04"]
[EventType "swiss"]
[EventRounds "9"]
[EventCountry "ESP"]
[Source "lmi"]
[SourceDate "2013.02.04"]

1. e4 c5 2. Nc3 Nc6 3. g3 g6 4. Bg2 Bg7 5. d3 e6 6. f4 Nge7 7. Nf3 d5 8. O-O
O-O 9. h3 b6 10. e5 a6 11. Ne2 Bb7 12. c3 Rb8 13. Be3 Qd7 14. g4 f5 15. g5 h6
16. gxh6 Bxh6 17. d4 c4 18. h4 Nd8 19. Ng5 Kg7 20. Ng3 Rh8 21. h5 Qe8 22. Bf3
Bc8 23. hxg6 Bxg5 24. fxg5 Rh4 25. Nh5+ Kxg6 26. Bf2 Re4 27. Nf6 Qh8 28. Bxe4
fxe4 29. Kg2 1-0

[Event "Madrid ch - Previa A 2013"]
[Site "Madrid ESP"]
[Date "2013.02.05"]
[Round "2.6"]
[White "Perez Cameselle, Francisco"]
[Black "Gonzalez Mateo, Jose Luis"]
[Result "1-0"]
[WhiteElo "1885"]
[BlackElo "1819"]
[PlyCount "57"]
[EventDate "2013.02.04"]
[EventType "swiss"]
[EventRounds "9"]
[EventCountry "ESP"]
[Source "lmi"]
[SourceDate "2013.02.04"]

1. Nf3 g6 2. g3 Bg7 3. Bg2 c5 4. d3 Nc6 5. e4 d6 6. O-O Bg4 7. h3 Bd7 8. c3 Qc8
9. Kh2 h5 10. Be3 h4 11. g4 Qc7 12. Kg1 Nf6 13. Na3 Nxg4 14. hxg4 Bxg4 15. Qd2
h3 16. Bh1 Bxf3 17. Bxf3 Ne5 18. Qe2 h2+ 19. Kh1 Qd7 20. d4 Nxf3 21. Qxf3 Rh3
22. Qg2 O-O-O 23. dxc5 Rdh8 24. cxd6 exd6 25. Bd4 Bxd4 26. cxd4 R8h4 27. Rac1+
Kb8 28. Rc3 Rg4 29. Qxh3 1-0

[Event "Madrid ch - Previa A 2013"]
[Site "Madrid ESP"]
[Date "2013.02.05"]
[Round "2.7"]
[White "Diaz Begonte, Manuel"]
[Black "Martin-Consuegra Barrilero, Francisco Javier"]
[Result "1/2-1/2"]
[WhiteElo "1825"]
[BlackElo "1883"]
[PlyCount "75"]
[EventDate "2013.02.04"]
[EventType "swiss"]
[EventRounds "9"]
[EventCountry "ESP"]
[Source "lmi"]
[SourceDate "2013.02.04"]

1. e4 d6 2. d4 Nf6 3. Nc3 e5 4. dxe5 dxe5 5. Bg5 Qxd1+ 6. Rxd1 c6 7. Bd3 Be7 8.
Nf3 Bg4 9. Ke2 Nbd7 10. h3 Bxf3+ 11. Kxf3 Nc5 12. Bc4 O-O 13. Bxf6 Bxf6 14. b4
Ne6 15. Bxe6 fxe6 16. Ke2 Be7 17. b5 Bc5 18. f3 Bd4 19. Nb1 cxb5 20. c3 Bc5 21.
Rd7 Rf7 22. Rhd1 Rxd7 23. Rxd7 Rb8 24. Rc7 Bb6 25. Re7 Kf8 26. Rd7 Bc5 27. Nd2
a5 28. Nb3 b6 29. Rc7 Be7 30. Nc1 Kf7 31. Nd3 Kf6 32. Nxe5 Kxe5 33. Rxe7 Kf6
34. Rc7 b4 35. cxb4 axb4 36. Rc4 Ra8 37. Rxb4 Rxa2+ 38. Kf1 1/2-1/2

[Event "Madrid ch - Previa A 2013"]
[Site "Madrid ESP"]
[Date "2013.02.05"]
[Round "2.8"]
[White "Santamaria Baeza, Adolfo"]
[Black "Corredor Gonzalez, Angel L"]
[Result "1-0"]
[WhiteElo "1873"]
[BlackElo "1793"]
[PlyCount "55"]
[EventDate "2013.02.04"]
[EventType "swiss"]
[EventRounds "9"]
[EventCountry "ESP"]
[Source "lmi"]
[SourceDate "2013.02.04"]

1. e4 e5 2. Nf3 Nf6 3. Nc3 Bb4 4. d3 d6 5. Be2 h6 6. O-O Nc6 7. Nd5 Be6 8. c3
Ba5 9. Nxf6+ Qxf6 10. d4 exd4 11. cxd4 Bd7 12. Bb5 O-O-O 13. Be3 a6 14. Bxc6
Bxc6 15. Qc2 Rhe8 16. d5 Bb5 17. Rfc1 Qg6 18. b4 Rxe4 19. bxa5 Rc4 20. Qxg6
Rxc1+ 21. Rxc1 fxg6 22. Bb6 Rd7 23. Nd4 Kb8 24. Nxb5 axb5 25. Be3 Re7 26. Rb1
c6 27. dxc6 bxc6 28. a4 1-0

[Event "Madrid ch - Previa A 2013"]
[Site "Madrid ESP"]
[Date "2013.02.05"]
[Round "2.9"]
[White "Rodriguez Bachiller, luis"]
[Black "Lozano Sanchez, Jose Antonio"]
[Result "1-0"]
[WhiteElo "1776"]
[BlackElo "1873"]
[PlyCount "161"]
[EventDate "2013.02.04"]
[EventType "swiss"]
[EventRounds "9"]
[EventCountry "ESP"]
[Source "lmi"]
[SourceDate "2013.02.04"]

1. Nf3 d5 2. c4 e6 3. g3 Nf6 4. Bg2 Be7 5. O-O O-O 6. b3 Nbd7 7. Bb2 c5 8. d4
Ne4 9. cxd5 exd5 10. dxc5 Ndxc5 11. Nbd2 Be6 12. Nd4 Qb6 13. Nxe4 Nxe4 14. Nxe6
Qxe6 15. e3 Bf6 16. Bxf6 Nxf6 17. Qd4 b6 18. Rac1 Rac8 19. Qa4 Qe7 20. Qa6 Rc7
21. Rxc7 Qxc7 22. Qd3 Rd8 23. Rd1 Qc5 24. Qd2 a5 25. Rc1 Qd6 26. Rc3 Kf8 27.
Rd3 Qe5 28. Qc3 Qxc3 29. Rxc3 Ke7 30. Kf1 Ne4 31. Bxe4 dxe4 32. Ke2 Rd6 33. h4
f5 34. Rc7+ Rd7 35. Rc8 h6 36. Rb8 Rd6 37. Rg8 Kf7 38. Rc8 h5 39. Rc7+ Kf6 40.
Rb7 g6 41. Rb8 Ke6 42. Rg8 Kd5 43. Kd2 Kc5+ 44. Kc3 Kd5 45. Rc8 Ke5 46. Re8+
Kd5 47. Kb2 Kc5 48. Rc8+ Kb5 49. a4+ Ka6 50. Kc2 Kb7 51. Rg8 Kc6 52. Rc8+ Kd5
53. Kc3 Ke5 54. Rc7 Rd3+ 55. Kc2 Rd6 56. Rc4 Kd5 57. Kc3 Ke5 58. b4 Rd3+ 59.
Kc2 Kd5 60. Rc3 axb4 61. Rxd3+ exd3+ 62. Kxd3 Kc5 63. f3 Kd5 64. e4+ fxe4+ 65.
fxe4+ Ke5 66. Kc4 b3 67. Kxb3 Kxe4 68. Kb4 Kf3 69. Kb5 Kxg3 70. Kxb6 Kxh4 71.
a5 g5 72. a6 g4 73. a7 g3 74. a8=Q Kg4 75. Qe4+ Kh3 76. Qh1+ Kg4 77. Kc5 h4 78.
Kd4 h3 79. Ke3 g2 80. Qh2 Kh4 81. Kf3 1-0

[Event "Madrid ch - Previa A 2013"]
[Site "Madrid ESP"]
[Date "2013.02.05"]
[Round "2.10"]
[White "Morera Rodriguez, Ignacio"]
[Black "Amick, Cisneros"]
[Result "0-1"]
[WhiteElo "1863"]
[BlackElo "1789"]
[PlyCount "40"]
[EventDate "2013.02.04"]
[EventType "swiss"]
[EventRounds "9"]
[EventCountry "ESP"]
[Source "lmi"]
[SourceDate "2013.02.04"]

1. d4 Nf6 2. c4 g6 3. Nc3 Bg7 4. e4 d6 5. Nf3 O-O 6. Be2 e5 7. O-O a5 8. Be3
Ng4 9. Bg5 Qe8 10. Nd5 Na6 11. Be7 c6 12. Bxf8 Qxf8 13. Nb6 Rb8 14. Nxc8 Rxc8
15. Nd2 Nf6 16. d5 Nc5 17. f3 Bh6 18. Nb3 Be3+ 19. Kh1 Nh5 20. Nxc5 Ng3+ 0-1

[Event "Madrid ch - Previa A 2013"]
[Site "Madrid ESP"]
[Date "2013.02.05"]
[Round "2.11"]
[White "Tsakas, Nikolaos"]
[Black "Barroso Barroso, Jorge"]
[Result "0-1"]
[WhiteElo "1720"]
[BlackElo "1859"]
[PlyCount "90"]
[EventDate "2013.02.04"]
[EventType "swiss"]
[EventRounds "9"]
[EventCountry "ESP"]
[Source "lmi"]
[SourceDate "2013.02.04"]

1. e4 e6 2. d4 d5 3. e5 c5 4. c3 Nc6 5. Nf3 Qb6 6. a4 c4 7. Nbd2 Na5 8. b4 cxb3
9. Bb5+ Nc6 10. Qxb3 Bd7 11. O-O Qd8 12. Qc2 a6 13. Bd3 Rc8 14. Qb1 Nge7 15.
Nb3 Ng6 16. Bxg6 hxg6 17. Ba3 Bxa3 18. Rxa3 O-O 19. Nc5 Rb8 20. Nxb7 Qc7 21.
Rb3 Na7 22. Nc5 Rxb3 23. Qxb3 Rb8 24. Qc2 Rb6 25. Rb1 Bc8 26. Rxb6 Qxb6 27. Qb3
Qc7 28. Nd2 Nc6 29. f4 Na5 30. Qb2 Nc6 31. c4 Ne7 32. g3 dxc4 33. Nxc4 Nd5 34.
Nd6 Qc6 35. Nxc8 Qxc8 36. Qb7 Qd8 37. Nxa6 Qa5 38. Qb5 Qd2 39. Qe8+ Kh7 40. Qd8
Qxd4+ 41. Kh1 Qd1+ 42. Kg2 Ne3+ 43. Kf2 Ng4+ 44. Kg2 Qe2+ 45. Kh3 Qxh2+ 0-1

[Event "Madrid ch - Previa A 2013"]
[Site "Madrid ESP"]
[Date "2013.02.05"]
[Round "2.16"]
[White "Hernandez Gutierrez, Jose"]
[Black "Corral Aragon, Juan Maria"]
[Result "0-1"]
[WhiteElo "1852"]
[BlackElo "1753"]
[PlyCount "124"]
[EventDate "2013.02.04"]
[EventType "swiss"]
[EventRounds "9"]
[EventCountry "ESP"]
[Source "lmi"]
[SourceDate "2013.02.04"]

1. e4 c6 2. d4 d5 3. exd5 cxd5 4. c4 Nf6 5. Nc3 Nc6 6. c5 g6 7. Bb5 Bg7 8. Nge2
O-O 9. O-O Ne4 10. Be3 a6 11. Ba4 f5 12. Bb3 e6 13. Na4 f4 14. Bxf4 Nxd4 15.
Nxd4 Rxf4 16. Ne2 Rf7 17. Nb6 Rb8 18. Qc2 Rc7 19. Rad1 Qe7 20. Nxd5 exd5 21.
Bxd5+ Kh8 22. Qxe4 Qxe4 23. Bxe4 Be6 24. b3 Rxc5 25. Nf4 Bf5 26. Bxf5 Rxf5 27.
Ne6 Bf6 28. f4 Re8 29. Rfe1 Bc3 30. Re4 Ba5 31. g3 Rf6 32. Ng5 Rxe4 33. Nxe4
Re6 34. Nd2 Rd6 35. Re1 Rxd2 36. Re8+ Kg7 37. Re7+ Kg8 38. Rxb7 Rxa2 39. b4 Rb2
40. Rb8+ Kg7 41. Ra8 Bxb4 42. Rxa6 Bc5+ 43. Kh1 h5 44. Rc6 Bd4 45. Rd6 Be3 46.
Re6 Re2 47. Rc6 h4 48. gxh4 Bxf4 49. Rc4 Rxh2+ 50. Kg1 Rxh4 51. Kg2 g5 52. Rc6
Rh6 53. Rxh6 Kxh6 54. Kh3 Kh5 55. Kg2 Kg4 56. Kh1 Kf3 57. Kg1 g4 58. Kh1 g3 59.
Kg1 Be3+ 60. Kh1 g2+ 61. Kh2 g1=Q+ 62. Kh3 Qh1# 0-1

[Event "Madrid ch - Previa A 2013"]
[Site "Madrid ESP"]
[Date "2013.02.05"]
[Round "2.18"]
[White "Castro Uceda, Jose Antonio"]
[Black "Santacruz Molina, Ildefonso"]
[Result "0-1"]
[WhiteElo "1668"]
[BlackElo "1885"]
[PlyCount "70"]
[EventDate "2013.02.04"]
[EventType "swiss"]
[EventRounds "9"]
[EventCountry "ESP"]
[Source "lmi"]
[SourceDate "2013.02.04"]

1. d4 Nf6 2. c4 g6 3. Nc3 d5 4. cxd5 Nxd5 5. e4 Nb6 6. Nf3 Bg7 7. h3 O-O 8. Be2
a5 9. a4 Nc6 10. Nb5 e5 11. dxe5 Qe7 12. O-O Nxe5 13. Qc2 c6 14. Nbd4 Nxf3+ 15.
Nxf3 Re8 16. Bd3 Be6 17. Re1 Qb4 18. Bd2 Qb3 19. Bc3 Rad8 20. Ra3 Qxc2 21. Bxc2
Nc4 22. Raa1 Nxb2 23. Bxg7 Kxg7 24. Reb1 Nd3 25. Bxd3 Rxd3 26. Rxb7 c5 27. Rb5
c4 28. Rxa5 Rc8 29. Rc1 c3 30. Ne5 Rdd8 31. Kf1 c2 32. Ke2 Bb3 33. Rb5 Rd1 34.
Rxb3 Rxc1 35. Nd3 Rb1 0-1

[Event "Madrid ch - Previa A 2013"]
[Site "Madrid ESP"]
[Date "2013.02.05"]
[Round "2.19"]
[White "Redondo Garcia, Jose Luis"]
[Black "Barragan Panal, Juan Jose"]
[Result "1/2-1/2"]
[WhiteElo "1812"]
[BlackElo "1666"]
[PlyCount "141"]
[EventDate "2013.02.04"]
[EventType "swiss"]
[EventRounds "9"]
[EventCountry "ESP"]
[Source "lmi"]
[SourceDate "2013.02.04"]

1. c4 Nf6 2. Nc3 g6 3. e3 Bg7 4. d4 d5 5. cxd5 Nxd5 6. Nge2 c6 7. g3 O-O 8. Bg2
e6 9. O-O Nd7 10. e4 Nxc3 11. bxc3 Nb6 12. Qb3 Qc7 13. a4 e5 14. a5 Nd7 15. Be3
Re8 16. f4 exd4 17. cxd4 Nf6 18. e5 Be6 19. Qc2 Nd5 20. Bxd5 Bxd5 21. Nc3 Bc4
22. Rfc1 b5 23. Ne4 Reb8 24. Nd6 Bd5 25. Qc5 Qd7 26. Rc2 Bf8 27. Rf2 Rd8 28. f5
Bxd6 29. exd6 Qxd6 30. fxg6 hxg6 31. Bf4 Qxc5 32. dxc5 Re8 33. Rd1 Re4 34. Rc1
Rae8 35. Rd2 Re1+ 36. Rxe1 Rxe1+ 37. Kf2 Ra1 38. Bc7 Rc1 39. Bb8 a6 40. Ba7 b4
41. Rb2 b3 42. Bb8 Rxc5 43. Ke3 Rxa5 44. Be5 Rc5 45. Bd4 Rb5 46. Kd3 c5 47. Bc3
c4+ 48. Kd4 Be6 49. Rf2 a5 50. Bb2 a4 51. Kc3 Rb7 52. Rd2 Rd7 53. Rxd7 Bxd7 54.
Kxc4 Kf8 55. Kd4 Ke7 56. Ke5 f6+ 57. Kd5 Be6+ 58. Ke4 Kd6 59. Kd4 Kc6 60. Kc3
Kc5 61. Ba3+ Kd5 62. h4 Ke4 63. Kb2 Kd3 64. Be7 f5 65. Bb4 Ke4 66. Bd6 Kd5 67.
Bf4 Kc4 68. Bd6 Kd5 69. Be5 Ke4 70. Bd6 Kd3 71. Bb4 1/2-1/2

[Event "Madrid ch - Previa A 2013"]
[Site "Madrid ESP"]
[Date "2013.02.05"]
[Round "2.20"]
[White "Martinez Carrasco, Jesus"]
[Black "Carrera Cabaneros, Francisco"]
[Result "0-1"]
[WhiteElo "1610"]
[BlackElo "1795"]
[PlyCount "56"]
[EventDate "2013.02.04"]
[EventType "swiss"]
[EventRounds "9"]
[EventCountry "ESP"]
[Source "lmi"]
[SourceDate "2013.02.04"]

1. d4 d5 2. c4 e6 3. Nf3 c6 4. e3 f5 5. Nc3 Nf6 6. Qc2 Bd6 7. h3 O-O 8. Bd3
Nbd7 9. O-O Ne4 10. cxd5 cxd5 11. Nd2 Qg5 12. Nb5 Bb8 13. Nc7 Bxc7 14. Qxc7
Ndf6 15. Nf3 Qh6 16. b3 g5 17. Ba3 Rf7 18. Qd8+ Kg7 19. Ne5 g4 20. Nxf7 Kxf7
21. Qc7+ Kg6 22. Qh2 g3 23. Qh1 Nxf2 24. Rxf2 Qxe3 25. Bxf5+ exf5 26. Raf1 Ne4
27. Bc1 gxf2+ 28. Kh2 Qg3# 0-1

[Event "Madrid ch - Previa A 2013"]
[Site "Madrid ESP"]
[Date "2013.02.05"]
[Round "2.21"]
[White "Benito Mellado, Humberto"]
[Black "Caamano Jimenez, Luis"]
[Result "0-1"]
[WhiteElo "1585"]
[BlackElo "1764"]
[PlyCount "84"]
[EventDate "2013.02.04"]
[EventType "swiss"]
[EventRounds "9"]
[EventCountry "ESP"]
[Source "lmi"]
[SourceDate "2013.02.04"]

1. d4 d5 2. c4 c6 3. Nc3 Nf6 4. Bg5 e6 5. e3 Nbd7 6. Nf3 h6 7. Bh4 Bb4 8. Bd3
dxc4 9. Bxc4 Qa5 10. Rc1 Bxc3+ 11. bxc3 O-O 12. O-O b5 13. Bb3 Ba6 14. Qd3 c5
15. c4 Rfd8 16. Rfe1 bxc4 17. Bxc4 Bb7 18. Qd1 Rac8 19. Bb3 g5 20. Bg3 Nb6 21.
Ne5 c4 22. Nxc4 Nxc4 23. Rxc4 Rxc4 24. Bxc4 Rc8 25. Bb3 Be4 26. f3 Bg6 27. e4
Qc3 28. h3 Nxe4 29. Be5 Nd2 30. d5 Qc5+ 31. Kh2 Nxb3 32. d6 Na5 33. d7 Rd8 34.
Bf6 Qc7+ 35. Be5 Qxd7 36. Qa1 f5 37. Bh8 Re8 38. Qf6 Qf7 39. Qe5 Nc6 40. Qa1
Qc7+ 41. Kh1 e5 42. Rc1 Kxh8 0-1

[Event "Madrid ch - Previa A 2013"]
[Site "Madrid ESP"]
[Date "2013.02.05"]
[Round "2.23"]
[White "Navas Marin, Felix"]
[Black "Roldan Garcia, Angel"]
[Result "0-1"]
[WhiteElo "1556"]
[BlackElo "1748"]
[PlyCount "86"]
[EventDate "2013.02.04"]
[EventType "swiss"]
[EventRounds "9"]
[EventCountry "ESP"]
[Source "lmi"]
[SourceDate "2013.02.04"]

1. d4 Nf6 2. Nf3 g6 3. Bf4 Bg7 4. e3 d6 5. h3 O-O 6. c3 Nbd7 7. Nbd2 Qe8 8. Be2
e5 9. dxe5 dxe5 10. Bh2 c5 11. Qc2 e4 12. Ng5 b6 13. O-O Bb7 14. h4 h6 15. Nh3
Ne5 16. Nc4 Nxc4 17. Bxc4 Qe7 18. Rad1 Rfd8 19. Nf4 Kh7 20. Qb3 Rf8 21. Ne2 Ng4
22. Bg3 Be5 23. Nf4 Qc7 24. Be2 Nf6 25. Bc4 Kg7 26. Rd2 Rad8 27. Rfd1 Rxd2 28.
Rxd2 g5 29. Nd5 Bxd5 30. Bxe5 Qxe5 31. Bxd5 gxh4 32. Qd1 Qg5 33. Qe2 Nxd5 34.
f3 exf3 35. Qxf3 Qxe3+ 36. Qxe3 Nxe3 37. Rd6 Nc4 38. Rd3 Nxb2 39. Rh3 Re8 40.
Rxh4 Re5 41. Rg4+ Kf6 42. Rf4+ Rf5 43. Re4 Nd1 0-1

[Event "Madrid ch - Previa A 2013"]
[Site "Madrid ESP"]
[Date "2013.02.05"]
[Round "2.24"]
[White "Maseda Iglesias, Luis"]
[Black "Veuthey Martinez, Eloy"]
[Result "1-0"]
[WhiteElo "1747"]
[BlackElo "1584"]
[PlyCount "69"]
[EventDate "2013.02.04"]
[EventType "swiss"]
[EventRounds "9"]
[EventCountry "ESP"]
[Source "lmi"]
[SourceDate "2013.02.04"]

1. d4 d6 2. Nf3 Nf6 3. c4 Nbd7 4. Nc3 e5 5. e4 Be7 6. Bd3 O-O 7. O-O c6 8. Re1
Re8 9. a4 a5 10. Bg5 Qb6 11. dxe5 dxe5 12. Qc2 Bc5 13. h3 Nh5 14. Nd1 Nf8 15.
Be3 Bxe3 16. Nxe3 Nf4 17. c5 Qc7 18. Nc4 Bxh3 19. gxh3 Qd7 20. Bf1 Nxh3+ 21.
Bxh3 Qxh3 22. Ra3 Qg4+ 23. Kf1 Qh3+ 24. Ke2 Qg4 25. Rg1 Qf4 26. Nd6 Re7 27. Nf5
Re6 28. Rxg7+ Kh8 29. Rxf7 Rg6 30. Nd6 Qg4 31. Rxb7 Ne6 32. Qc4 Nd4+ 33. Kd1
Rf8 34. Nf7+ Rxf7 35. Qxf7 1-0

[Event "Madrid ch - Previa A 2013"]
[Site "Madrid ESP"]
[Date "2013.02.05"]
[Round "2.25"]
[White "Casal Martin, Jose M"]
[Black "Prieto Saiz, Carlos Francisco"]
[Result "1-0"]
[WhiteElo "1483"]
[BlackElo "1740"]
[PlyCount "69"]
[EventDate "2013.02.04"]
[EventType "swiss"]
[EventRounds "9"]
[EventCountry "ESP"]
[Source "lmi"]
[SourceDate "2013.02.04"]

1. e4 c5 2. Nf3 Nc6 3. Nc3 d6 4. d4 cxd4 5. Nxd4 Nf6 6. Be3 e5 7. Nb3 Be6 8. f3
a6 9. Qd2 Na5 10. g4 Nc4 11. Bxc4 Bxc4 12. O-O-O Qc7 13. h4 Rc8 14. Rh2 h6 15.
h5 Be7 16. Rg1 Nh7 17. g5 Bxg5 18. Bxg5 Nxg5 19. Rxg5 hxg5 20. Qxg5 f6 21. Qd2
Bxb3 22. axb3 Rd8 23. Nd5 Qc5 24. Rh1 Kf7 25. b4 Qc6 26. f4 Rh7 27. Qf2 Rdh8
28. f5 Rxh5 29. Rg1 Rh1 30. Qg3 Rxg1+ 31. Qxg1 Rh6 32. b3 Kf8 33. Kb2 Kf7 34.
Qg2 Kf8 35. Qe2 1-0

[Event "Madrid ch - Previa A 2013"]
[Site "Madrid ESP"]
[Date "2013.02.05"]
[Round "2.26"]
[White "Martinez Miura, Enrique"]
[Black "Suarez Mencia, Roberto"]
[Result "1-0"]
[WhiteElo "1733"]
[BlackElo "1555"]
[PlyCount "105"]
[EventDate "2013.02.04"]
[EventType "swiss"]
[EventRounds "9"]
[EventCountry "ESP"]
[Source "lmi"]
[SourceDate "2013.02.04"]

1. e4 c5 2. c4 Nc6 3. Nc3 e5 4. g3 Nf6 5. Bg2 Be7 6. Nge2 d6 7. O-O O-O 8. d3
Be6 9. Nd5 Bxd5 10. cxd5 Nd4 11. Bd2 Nxe2+ 12. Qxe2 Rc8 13. Bh3 Rc7 14. Rac1 b6
15. f4 h6 16. fxe5 dxe5 17. Bc3 Bd6 18. b3 Nh7 19. Bd2 Be7 20. Bg2 Bg5 21. Bxg5
Nxg5 22. h4 Nh7 23. Qh5 Qd6 24. Bh3 a5 25. a4 Kh8 26. Rf2 Kg8 27. Rcf1 c4 28.
dxc4 Re7 29. Kg2 Qc5 30. Kh2 Qd4 31. Qg4 Kh8 32. Qe2 Kg8 33. Rd1 Qc5 34. d6
Ree8 35. Rd5 Qc6 36. d7 Rd8 37. Rxe5 Nf6 38. Rb5 Nxe4 39. Bg2 f5 40. Rfxf5 Rxf5
41. Rxf5 Nc3 42. Bxc6 Nxe2 43. Re5 Nd4 44. Re8+ Kf7 45. Bd5+ Kf6 46. Rxd8 Ke7
47. Rg8 Kxd7 48. Rxg7+ Kd6 49. Rg6+ Kc5 50. Rxh6 Nxb3 51. Rc6+ Kb4 52. Rxb6+
Kxa4 53. Rxb3 1-0

[Event "Madrid ch - Previa A 2013"]
[Site "Madrid ESP"]
[Date "2013.02.05"]
[Round "2.27"]
[White "De Mingo Matias, Jose Andres"]
[Black "Beekhof Harmsen, Willen"]
[Result "0-1"]
[WhiteElo "1476"]
[BlackElo "1725"]
[PlyCount "88"]
[EventDate "2013.02.04"]
[EventType "swiss"]
[EventRounds "9"]
[EventCountry "ESP"]
[Source "lmi"]
[SourceDate "2013.02.04"]

1. e4 d6 2. d4 Nf6 3. Nc3 g6 4. Be3 Bg7 5. f3 O-O 6. Qd2 Re8 7. Bh6 Bh8 8. Bc4
Nbd7 9. Nge2 c5 10. a4 Nb6 11. Bb5 Bd7 12. Be3 Bxb5 13. Nxb5 Nc4 14. Qc3 Nxe3
15. Qxe3 a6 16. Nbc3 Nd7 17. dxc5 Nxc5 18. O-O Rc8 19. Nd1 Ne6 20. c3 Qd7 21.
Nd4 Nxd4 22. cxd4 Rc4 23. Qb3 Bxd4+ 24. Kh1 Rec8 25. Nc3 Bxc3 26. bxc3 Rxc3 27.
Qb6 R3c6 28. Qd4 Qc7 29. h3 Rc4 30. Qb2 Qc6 31. a5 Rc7 32. Rfb1 Rc5 33. Qa3 Rc3
34. Qa2 Qc4 35. Qxc4 R3xc4 36. Rb6 Rc1+ 37. Rxc1 Rxc1+ 38. Kh2 Rc7 39. Kg3 h5
40. Kf4 f6 41. Ke3 Kf8 42. Kd4 Ke8 43. Kd5 Rc5+ 44. Ke6 Re5# 0-1